Т. 2; Механика сплошной среды

Bibliografske podrobnosti
Parent link:Механика сплошной среды: Учебник: В 2 т./ Л. И. Седов. Т. 2.— 4-е изд., испр. и доп..— , 1983-
Jezik:ruščina
Izdano: 1984
Teme:
Format: Knjiga
KOHA link:https://koha.lib.tpu.ru/cgi-bin/koha/opac-detail.pl?biblionumber=65937

MARC

LEADER 00000nam2a2200000 4500
001 65937
005 20231031071021.0
035 |a (RuTPU)RU\TPU\book\69995 
035 |a RU\TPU\book\69619 
090 |a 65937 
100 |a 20040707d1984 m y0rusy50 ca 
101 0 |a rus 
102 |a RU 
105 |a y j 001zy 
200 0 |a Т. 2 
210 |d 1984 
215 |a 560 с. 
320 |a Библиогр.: с. 555-557 
320 |a Предметный указатель: с. 558-560 
451 1 |0 (RuTPU)RU\TPU\book\28826  |y 5-02-007053-X  |t Т. 2  |d 1994  |d 1976  |p 560 с. 
451 1 |0 (RuTPU)RU\TPU\book\78704  |t Т. 2  |p 576 с. 
461 1 |0 (RuTPU)RU\TPU\book\69991  |t Механика сплошной среды  |o Учебник: В 2 т.  |f Л. И. Седов  |v Т. 2  |e 4-е изд., испр. и доп.  |d 1983- 
610 1 |a сплошные среды 
610 1 |a кинематика 
610 1 |a теория 
610 1 |a теорема Гаусса 
610 1 |a теорема Стокса 
610 1 |a уравнения 
610 1 |a термодинамика 
610 1 |a электродинамика 
610 1 |a задачи 
610 1 |a учебники 
610 1 |a механика 
675 |a 531/534(075.8)  |v 3 
801 1 |a RU  |b 63413507  |c 20040623  |g PSBO 
801 2 |a RU  |b 63413507  |c 20150424  |g PSBO 
900 |a Механика сплошной среды 
942 |c BK